| 000 | 01061nam a22002297a 4500 | ||
|---|---|---|---|
| 999 |
_c13321 _d13321 |
||
| 003 | AR-CdUCM | ||
| 008 | 190411b ||||| |||| 00| 0 spa d | ||
| 040 |
_aMUNICIPALIDAD PROVINCIAL DEL CUSCO _cBIBLIOTECA MUNICIPAL DEL CUSCO |
||
| 082 |
_aTS / 378.05 / _bT277 |
||
| 100 |
_aTello Palomino, Luis Moises _910318 |
||
| 245 | _aLenguaje formalizado / | ||
| 260 |
_aCuzco : _bUniversidad nacional de San Antonio Abad del Cuzco, _c1965. |
||
| 300 |
_a125 hojas ; _bGráficos, _c24 cm. |
||
| 500 | _aAntes del titulo: Facultad de letras y ciencias humanas (contribución a la lógica simbólica). Tesis presentada para optar al grado de Doctor en letras, especialidad: Filosofía y ciencias sociales. | ||
| 505 | _aContenido: Consideraciones Básicas -- Reseña de la Lógica simbólica -- Mecanismo y funcionamiento de la lógica formalizada ... | ||
| 650 |
_aLogica _92358 |
||
| 650 |
_aTesis _91981 |
||
| 650 |
_aCusco-perú _931683 |
||
| 710 |
_aUniversidad nacional de San Antonio Abad del Cuzco. _914483 |
||
| 942 |
_2ddc _cTESIS |
||
| 945 |
_acmm _d2019-04-11 |
||